| 000 | 00751nam a2200229 a 4500 | ||
|---|---|---|---|
| 001 | 85382 | ||
| 003 | BD-RjUL | ||
| 005 | 20250731111339.0 | ||
| 008 | 250730s2017 |||||||| |||| 00| 0 eng d | ||
| 020 | _a 9781612680170 | ||
| 035 | _a(BD-RjUL)85382 | ||
| 040 |
_aBD-RjUL _beng _cBD-RjUL |
||
| 041 | _aeng | ||
| 082 |
_223 _a332.024 _bKIR 2017 |
||
| 100 |
_aKiyosaki, Robert T. _916362 |
||
| 245 |
_aRich dad, poor dad : _bwith updates for today's world - and 9 new study session sections / _cRobert T. Kiyosaki |
||
| 260 |
_aScottsdale, AZ, : _b Plata Publishing, _c2017 |
||
| 300 |
_axi, 294, xxvii, 7 pages : _billustrations ; _c 23 cm |
||
| 650 |
_aPersonal finance _916363 |
||
| 650 |
_aPersonal financial management _916364 |
||
| 942 |
_2ddc _cBK |
||
| 999 |
_c85382 _d85382 |
||